| 000 | 00368cam a2200145ua 4500 | ||
|---|---|---|---|
| 041 |
_aeng _h |
||
| 082 |
_a930 _bJAW/GL |
||
| 100 | _aJawaharlal, Nehru . | ||
| 245 |
_aGlimpses of world history / _cJawaharlal Nehru. _hTextual Documents |
||
| 260 |
_aMumbai : _bAsia Publishing House , _c1962. |
||
| 300 | _a1031 ; . | ||
| 504 | _a | ||
| 942 | _cBK | ||
| 999 |
_c740 _d740 |
||